KOHA-Header-6

Operating System Concepts (Record no. 7589)

000 -LEADER
fixed length control field 00254nam a2200109Ia 4500
100 ## - MAIN ENTRY--AUTHOR NAME
Personal name Silberschatz
245 #0 - TITLE STATEMENT
Title Operating System Concepts
260 ## - PUBLICATION, DISTRIBUTION, ETC. (IMPRINT)
Place of publication USA
Name of publisher Education
Year of publication 2002
300 ## - PHYSICAL DESCRIPTION
Number of Pages 888
942 ## - ADDED ENTRY ELEMENTS (KOHA)
Koha item type Books
Holdings
Withdrawn status Lost status Collection code Permanent Location Current Location Shelving location Date acquired Full call number Accession Number Koha item type
    Computer Science MAJU MAJU   2019-09-12 005.713 1525 Computer Science

Powered by Koha